Gaming Quiz

Random Gaming or Pokémon Quiz
Score 0/26 Timer 10:00
0 Plays Today
Clue Pokémon % Correct
Because it never removes its skull helmet, no one has ever seen this Pokémon's real face.Cubone
90.5%
#23, belonged to Jesse of Team RocketEkans
82.6%
A strange seed was planted on its back at birth. The plant sprouts and grows with this Pokémon.Bulbasaur
80.6%
#143/1,014 lbsSnorlax
78.1%
Must acquire a ghostly pokémon in a trade to get himGengar
74.8%
Capable of understanding the language of humans, it enjoys ferrying people on its back. It is on the verge of extinction.Lapras
72.3%
This Legendary Pokémon can be acquired with only 3 badges.Zapdos
69.8%
First seen in The Flame Pokémon-athon. Ash uses it in a race before it evolves.Ponyta
68.2%
28' 10''/463 lbsOnix
66.5%
Evolves into #14 at level 7Weedle
66.5%
Ice/Psychic Human Shape PokémonJynx
65.3%
In hot places, its internal gases could expand and explode without any warning. Be very careful!Weezing
62.4%
They appear to be very protective of their own world. It is a kind of fairy, rarely seen by people.Clefable
61.2%
Clue Pokémon % Correct
By number, first steel Pokémon. Appears in Pokémon Snap for N64.Magnemite
59.5%
#89, Poison Type, Evolves from #88Muk
57.4%
#138/Rock and WaterOmanyte
55.8%
The first pokémon ever created.Rhydon
52.5%
#118/The most ineffective pokémon to get on Super Smash Bros. BrawlGoldeen
50.4%
Prefers hot and humid places. It ensnares tiny insects with its vines and devours them.Bellsprout
47.5%
Giovanni's primary Pokémon, Normal Type, Can use Hyper BeamPersian
45%
#98, Owned by Ash on TV show, water type, average height 16 inches.Krabby
43%
Appeared in a Pokémon Stadium mini-game with a pendulum theme.Drowzee
40.1%
Features include: small beady eyes, thick powerful tail and skin with yellow circles on it.Lickitung
25.2%
One of the few Pokémon that loses weight after it evolves, evolves from its previous form at only level 16 despite being featured in the Elite 4.Kadabra
22.3%
The horn on it's head is hard, and it's made of bone. It has a tan muzzle with a small black nose, small tusks, round eyes and a tongue that is often hanging out.Seel
15.3%
Found in grasslands, it always has to be near water. Are very good swimmers and are often found swimming in ponds. Are quite rare and are normally caught in Johto.Farfetch'd
9.1%
Remove Ads.
Support Sporcle.
Get the best of Sporcle when you Go Orange. This ad-free experience offers more features, more stats, and more fun while also helping to support Sporcle. Thank you for becoming a member.

You're not logged in!

Compare scores with friends on all Sporcle quizzes.
OR
Log In

Sporcle TV

Today on Sporcle TV


Watch our educational content, quiz creation guides, and fun videos on Sporcle TV.

Show Comments

Extras

Top Quizzes Today


Score Distribution

Paid Content

Your Account Isn't Verified!

In order to create a playlist on Sporcle, you need to verify the email address you used during registration. Go to your Sporcle Settings to finish the process.

Report this User

Report this user for behavior that violates our Community Guidelines.

Details: